000 01469nam a2200373 a 4500
001 000110069
003 CHAP
005 20220329144117.0
008 140721s2013 |s || | | d
010 _a106531
011 _a107503
040 _cCHAP
090 _aCD-399
111 2 0 _aCongreso Internacional de la carne
_d(2013:
_cMéxico, D.F.)
_9126328
245 0 _aMemorias del congreso internacional de la carne la carne
_h[Disco compacto]
_bla carne que comemos /
_cAsociación Mexicana de Engordadores de Ganado Bovino,.
260 _aMéxico, D.F. :
_bAsociación Mexicana de Engordadores de Ganado Bovino,
_c2013 .
300 _a3 CD ;
_c4 3/4 plg. .
500 _aInformación de los CD: Memorias 2012; Memorias 2013; Revista carne de bovino, indicadores economicos de la industria 16a ed.
590 _aE11695DGD
_b10
_c20140721
_lUCH01
_h0959
590 _aE11695DGD
_b10
_c20140721
_lUCH01
_h1000
590 _aE11695DGD
_b10
_c20140721
_lUCH01
_h1000
590 _aE11695DGD
_b10
_c20140721
_lUCH01
_h1000
590 _aE11695DGD
_b10
_c20140721
_lUCH01
_h1000
590 _aE11695DGD
_b10
_c20140721
_lUCH01
_h1000
590 _aE11695DGD
_b10
_c20140721
_lUCH01
_h1006
650 1 4 _aCarne
_xConsumo.
_919067
650 1 4 _aCarne
_xInspección.
_919087
650 1 4 _aCarne
_xMercadeo.
_919090
650 1 4 _aCarne
_xProducción.
_919109
710 2 _aAsociación Mexicana de Engordadores de Ganado Bovino
_9126329
901 _aBK
942 _cCD
942 _n0
999 _c106531
_d106531